Les 25 plus gros transferts dans l'histoire du foot - Statistiques

Statistiques générales
  • Ce quiz a été pris 223 fois
  • Le résultat moyen est 20 sur 25
Statistiques - réponses
Club Footballeur Montant Nationalité % Correct
1 Paris-Saint-Germain Neymar 222 millions € Brésil
99%
18 Barcelone Neymar 88 millions € Brésil
99%
2 Paris-Saint-Germain Kylian Mbappé 180 millions € France
98%
9 Juventus Cristiano Ronaldo 117 millions € Portugal
96%
16 Real Madrid Cristiano Ronaldo 94 millions € Portugal
96%
4 Barcelone Ousmane Dembélé 135 millions € France
92%
14 Real Madrid Gareth Bale 101 millions € Pays de Galles
91%
7 Barcelone Antoine Griezmann 120 millions € France
90%
10 Real Madrid Eden Hazard 115 millions € Belgique
89%
5 Atletico Madrid João Felix 127,20 millions € Portugal
86%
25 Barcelone Luis Suarez 81,72 millions € Uruguay
84%
11 Chelsea Romelu Lukaku 113 millions € Belgique
82%
23 Manchester United Romelu Lukaku 84,70 millions € Belgique
82%
12 Manchester United Paul Pogba 105 millions € France
81%
20 Barcelone Frankie De Jong 86 milllions € Pays-Bas
78%
8 Manchester City Jack Grealish 117,50 millions € Angleterre
78%
6 Chelsea Enzo Fernandez 121 millions € Argentine
77%
3 Barcelone Philippe Coutinho 135 millions € Brésil
77%
24 Liverpool Virgil Van Dijk 84,65 millions € Pays-Bas
76%
21 Juventus Matthijs de Light 85,50 millions € Pays-Bas
74%
19 Manchester United Harry Maguire 87 millions € Angleterre
70%
15 Manchester United Antony 95 millions € Brésil
64%
17 Juventus Gonzalo Higuain 90 millions € Argentine
52%
22 Manchester United Jadon Sancho 85 millions € Angleterre
46%
13 Real Madrid Jude Belligham 103 millions € Angleterre
20%
Aucun quiz correspondant
Distribution des résultats
% des personnes avec chaque résultat
Percentile par nombre de réponses
Votre historique - résultats
Vous n’avez pas pris ce quiz